00361nam a22001097a 4500008004100000050002300041245005100064260004500115300002400160440002600184800004100210140918b xxu||||| |||| 00| 0 eng d aJA 1.A6(2003.NO.2) a American political science review May ,2003./ aNew York:bCambridge Univ. Press,c2003. avii, 342p.:c27cm.: nnumber 2vVolume 97,  aFinifter Ada W. aLichbach Mark I.